000 00822nas a2200253 4500
001 BR2016004205
003 BR-BrBNA
005 20231205130804.0
007 ta
008 230509b bl.|||p| |||| 00| 00por d
040 _aBR-BrBNA
_bpor
_cBiblioteca Nacional de Agricultura
041 _a(En)
072 _aM40
100 1 _aVolkmer-Ribeiro, C.
100 1 _aMachado, V. de S.
245 1 _aFreshwater sponges (Porifera, Demospongiae)in a benthic filter feeding community at the Guanacaste Dry Forest, Costa Rica
650 _aESPONJA
650 _aANIMAL AQUÁTICO
650 _aBRIOZOÁRIO
650 _aAMBIENTE BENTICO
773 0 _tIheringia - Série Zoologia (Brazil)
_xISSN 0073-4721
_g(Dec 2009), v. 99(4) p. 335-344
_wBR2016004205
909 _a202311
_bLúcia
_c55
_dLúcia Elande
942 _2AGRIS
_n0
_cANA
999 _c251257
_d251257